| 000 | 01803nam a2200265Ia 4500 | ||
|---|---|---|---|
| 005 | 20200228114050.0 | ||
| 008 | 130821s1841 fr fr 1 mul | ||
| 040 |
_aCo-BoUCM _bspa _cSandra Yazo _dSandra Yazo |
||
| 041 | 0 |
_aspa _alat |
|
| 082 | 0 | 4 |
_a475 _220 |
| 092 | _aE11N012 | ||
| 100 | 1 |
_aIriarte, Juan de _d1702-1771 _999957 |
|
| 245 | 1 | 0 |
_aGramática latina, _bescrita con nuevo método y nuevas observaciones en verso castellano, con su explicación en prosa _cPor D. Juan de Iriarte |
| 250 |
_aNueva edición _bcorregida con esmero |
||
| 260 |
_aParís (Francia) _aMéxico (México) _bLibrería de Rosa y Librería de Galván _bImprenta Schneider y Langrand _c1841 |
||
| 300 |
_axvi, 368 páginas _c18 x 11 cm. |
||
| 500 | _aDetalles físicos: Encuadernación rígida en cartón forrado en cuero. Lomo con adornos en dorado. Tapas con recuadro en dorado. Cuero con roturas y raspaduras. Guardas en papel de agua. Hoja de cortesía desprendida. Anteportada. Portada impresa en una sola tinta, con anotación de propiedad (Manuel J. Madiedo) y sello de tinta. Texto impreso en una sola columna con varios tipos y tamaños de letra, párrafos numerados. Notas al final de página y de cada regla. Texto en versos, con notas explicativas en prosa. Cortes decorados. Hojas de cortesía desprendidas. Ejemplar empieza a desencuadernarse | ||
| 505 | 0 | _aAdvertencia ; Prólogo ; La etimología ; Sintaxis: Definición y división ; Sintaxis propia y sintaxis figurada ; Ortografía ; Prosodia ; Compendio de métrica: Pies, versos, figuras poéticas | |
| 506 | _aConsulta en sala | ||
| 546 | _aTexto en español y latín | ||
| 650 | 7 |
_aGramática _xLatín _916516 |
|
| 650 | 7 |
_aLatín _xEnseñanza _918289 |
|
| 690 |
_aTeoría lingüística _9440 |
||
| 942 |
_cLIBRO _a12 _e1 _2LOCAL _hE11N012 |
||
| 999 |
_c73775 _d73775 |
||